Guess the country by the emojis - Statistics

General Stats
  • This quiz has been taken 42 times
  • The average score is 13 of 15
Answer Stats
Hint Answer % Correct
๐Ÿ”๐Ÿ—ฝ๐ŸŽฌ United States
100%
๐Ÿ—ป๐Ÿฃ๐ŸŽŒ Japan
97%
๐Ÿจ๐Ÿ„โ€โ™‚๏ธ๐ŸŒ Australia
94%
โ„๏ธ๐Ÿ๐Ÿ’ Canada
94%
๐Ÿผ๐Ÿฅข๐Ÿฏ China
94%
๐Ÿ•๐Ÿ›๏ธ๐ŸŽจ Italy
94%
๐Ÿ—ผ๐Ÿฅ–๐ŸŽญ France
91%
๐ŸŒฎ๐ŸŒต๐ŸŽธ Mexico
89%
๐Ÿฐโ˜”๐Ÿต United Kingdom
89%
โ˜•โšฝ๐ŸŽ‰ Brazil
80%
๐Ÿปโ„๏ธ๐Ÿฐ Russia
80%
๐Ÿ›๏ธ๐Ÿซ’๐ŸŒŠ Greece
77%
๐ŸŒท๐Ÿšฒ๐Ÿง€ Netherlands
74%
๐Ÿœ๏ธ๐Ÿซ๐Ÿ•Œ Saudi Arabia
66%
๐ŸŒ„๐ŸŒถ๏ธ๐Ÿ”๏ธ Chile
40%
No matching quizzes found
Score Distribution
Percent of People with Each Score
Percentile by Number Answered
Your Score History
You have not taken this quiz